| 000 | 02314cam a22004934i 4500 | ||
|---|---|---|---|
| 003 | PE-LiUPU | ||
| 005 | 20250731184522.0 | ||
| 008 | 150617s r 000 0 d | ||
| 035 | _a(Sirsi) a18782 | ||
| 040 |
_aPE-LiUPU _bspa _cPE-LiUPU _erda |
||
| 049 | _aPRUA | ||
| 082 | 0 | 4 |
_a985.073 _bB15 _221 |
| 100 | 1 |
_aBaella Tuesta, Alfonso, _d1926- , _eautor. |
|
| 245 | 1 | 3 |
_aEl poder invisible / _cAlfonso Baella Tuesta. |
| 250 | _a6a | ||
| 264 | 1 |
_aLima : _bAndina, _c1977. |
|
| 300 |
_a463 páginas , retratos ; _c21 cm |
||
| 336 |
_atext _2rdacontent |
||
| 337 |
_aunmediated _2rdamedia |
||
| 338 |
_avolume _2rdacarrier |
||
| 500 | _aLos primeros mil días de la revolucion peruana. | ||
| 505 | 0 | _a"¿Juráis por Dios y por la Patria..? -- El golpe de estado -- El gobierno revolucionario -- El veto contra Haya -- El escándalo del contrabando -- Papá Noel no trae paracaídas -- "Terremoto" -- La hoz y la cruz -- La recuperación del petróleo -- El hombre -- Necesito todo el poder -- El presidente vitalicio -- Una reforma necesaria pero. -- Graham entra en escena -- Una pregunta por 690 millones de dólares -- Periodismo y política -- El flaco en el palacio -- Cuatro talentos, cuatro delfines -- El aprendiz de brujo -- Hay otros invitados en el palacio -- El poder invisible -- Campesino: el patrón no comerá más de tu pobreza -- Una pistola para silenciar a un periodista -- Don Luis y su batalla por la libertad -- En búsqueda de la solución. | |
| 526 | _aP136 | ||
| 526 | _aP135 | ||
| 526 | _aP134 | ||
| 526 | _aP133 | ||
| 526 | _aP144 | ||
| 526 | _aP143 | ||
| 526 | _aP87 | ||
| 526 | _aP35 | ||
| 526 | _aP20 | ||
| 526 | _aP14 | ||
| 526 | _aP10 | ||
| 526 | _aP06 | ||
| 600 | 1 |
_aVelasco Alvarado, Juan. _d1909-1977 |
|
| 650 | 0 | 4 |
_aPerú _xHistoria _yGobierno Revolucionario, 1968-1980. |
| 910 |
_ajck _bjvq _cjck _d20150616 |
||
| 942 |
_2ddc _cBOOK |
||
| 949 |
_a985.073 B15 _wDEWEY _c1 _i19010 _lCCODEBUL1 _mBUL _p00.00 _r0 _sY _tBOOK _u19810423 _xEDUCACION _zUNKNOWN _0COMPRA _o.STAFF. Colección General |
||
| 994 |
_aC0 _bPEPRU |
||
| 596 | _a1 | ||
| 999 |
_a985.073 B15 _wDEWEY _c18512 _i19010 _f2021-11-8 _g5 _lCCODEBUL1 _mBUL _r0 _sY _tBOOK _u2015-6-17 _xBIBLIOTECA _zUNKNOWN _0COMPRA _o.STAFF. Colección General _d18512 |
||
| 980 |
_81 _gALBERTO SANCHEZ Responsable de Automatización |
||